| 000 | 00695nam a2200229 a 4500 | ||
|---|---|---|---|
| 001 | 73264 | ||
| 003 | BD-RjUL | ||
| 005 | 20211209082353.0 | ||
| 008 | 170529s1960 nyua 001 0 eng d | ||
| 035 | _a(BD-RjUL)73482 | ||
| 040 |
_aDLC _cOClU _dBD-RjUL _beng |
||
| 041 | 1 |
_aeng _hger |
|
| 082 |
_a621.3825 _223 _bROT 1960 |
||
| 100 | 1 |
_aRossberg, Ehrhard A. _9216716 |
|
| 245 | 1 | 0 |
_aTeleprinter switching / _cby Ehrhard A. Rossberg and Helmut E. Korta. Seyringer] |
| 260 |
_aPrinceton, N.J. : _bVan Nostrand, _c1960. |
||
| 300 |
_a351p. : _bill. ; _c24cm. |
||
| 500 | _aIncludes index | ||
| 650 | 0 |
_aTeletypewriters. _9216717 |
|
| 700 | 1 |
_aKorta, Helmut E., _ejt. auth. _9216718 |
|
| 942 |
_2ddc _cBK |
||
| 999 |
_c73264 _d73264 |
||